ON RADICALS IN A CERTAIN CLASS OF SEMIGROUPS

Bibliographic Details
Main Author: Kuczkowski, Joseph E. (Author)
Format: Article
Language:English

MARC

LEADER 00000nab a2200000uu 4500
001 vtls010891852
003 SK-MaSNL
005 20260304010415.0
008 230222|1970 xo |||||||||||||||||eng|
015 |a SNBRB 
035 |a (urnnbn)urn:nbn:sk:snk:ar-0065pb 
035 |a (uuid)16282214-9ade-4c59-a881-7bf4d42ac7cf 
035 |a urn:nbn:sk:snk-ab8ljj 
040 |a SNKBUCL  |b slo  |c SNKBUCL  |e AACR2 
041 0 |a eng 
044 |a xo  |c SK 
100 1 |a Kuczkowski, Joseph E.  |4 aut  |9 1288231 
245 1 0 |a ON RADICALS IN A CERTAIN CLASS OF SEMIGROUPS  |c Joseph E. Kuczkowski 
773 0 |t Matematický časopis  |g Roč. 20, č. 4 (1970), s. 278-280 
958 |a OND 
958 |a EUIPO 
958 |a article10 
999 |c 2560813  |d 2562743